Podzielone nazwy miast #2 - Statystyki

Ogólne statystyki
  • Ten quiz został rozwiązany 10 razy
  • Średni wynik to 9 z 20
Statystyki odpowiedzi
Miasto % Poprawnych
DAM ASZ EK Damaszek
100%
PJO NGJ ANG Pjongjang
100%
KAP SZT AD Kapsztad
83%
LAS VE GAS Las Vegas
83%
ALEKS AND RIA Aleksandria
67%
LIVE RPO OL Liverpool
67%
BRI SBA NE Brisbane
50%
BRU KSE LA Bruksela
50%
MON TER REY Monterrey
50%
ROT TER DAM Rotterdam
50%
SZA NG HAJ Szanghaj
50%
KI NSZ ASA Kinszasa
33%
POR TL AND Portland
33%
SIN GAP ORE Singapur
33%
WAL EN CJA Walencja
33%
TO RO NTO Toronto
17%
FAJ SALA BAD Fajsalabad
0%
FOR TAL EZA Fortaleza
0%
LUC KN OW Lucknow
0%
NE AP OL Neapol
0%
Nie znaleziono quizów pasujących do podanych kryteriów
Rozkład punktacji
Procent ludzi z każdym wynikiem
Percentyl według liczby udzielonych odpowiedzi
Twoja historia wyników
Nie rozwiązałeś tego quizu